Estatísticas para Senadores do Brasil (2023)

Clique aqui para jogar o quiz

Estatísticas Gerais

  • Esse quiz foi jogado 49 vezes
  • A pontuação média é 13 de 48

Estatísticas das Respostas

EstadoPartidoSenador (a)% Correto
AmazonasPSDOmar Aziz
83%
Santa CatarinaPLJorge Seif
80%
Minas GeraisPSCCleitinho
67%
AmazonasMDBEduardo Braga
67%
TocantinsPSDIrajá
67%
Espírito SantoPLMagno Malta
63%
Espírito SantoPODEMOSMarcos do Val
63%
São PauloPLMarcos Pontes
63%
AmapáREDERandolfe Rodrigues
63%
BahiaPSDÂngelo Coronel
60%
Rio de JaneiroPLCarlos Portinho
60%
CearáPDTCid Gomes
60%
ParanáPODEMOSFlávio Arns
60%
Rio de JaneiroREPUBLICANOSFlávio Bolsonaro
60%
BahiaPTJaques Wagner
60%
BahiaPSDOtto Alencar
60%
Rio de JaneiroPLRomário
60%
Mato Grosso do SulUNIÃOSoraya Thronicke
60%
Mato Grosso do SulPPTereza Cristina
60%
Minas GeraisPLCarlos Viana
50%
GoiásPODEMOSJorge Kajuru
50%
São PauloPSDBMara Gabrilli
50%
Rio Grande do SulPTPaulo Paim
50%
AmazonasPSDBPlínio Valério
50%
AlagoasMDBRenan Calheiros
50%
AlagoasMDBRenan Filho
50%
Minas GeraisDEMRodrigo Pacheco
50%
Distrito FederalREPUBLICANOSDamares Alves
43%
MaranhãoCIDADANIAEliziane Gama
43%
Distrito FederalPSBLeila Barros
43%
SergipeCIDADANIAAlessandro Vieira
40%
CearáPTCamilo Santana
40%
RondôniaMDBConfúcio Moura
40%
Santa CatarinaPPEsperidião Amin
40%
PernambucoPTHumberto Costa
40%
RondôniaPLMarcos Rogério
40%
Mato Grosso do SulPSDNelsinho Trad
40%
SergipePTRogério Carvalho
40%
AmapáDEMDavi Alcolumbre
38%
Espírito SantoPTFábio Contarato
38%
São PauloMDBGiordano
38%
Rio Grande do SulREPUBLICANOSHamilton Mourão
38%
ParáMDBJader Barbalho
38%
Rio Grande do SulPPLuis Carlos Heinze
38%
Rio Grande do NortePLRogério Marinho
38%
TocantinsUNIÃODorinha
33%
Distrito FederalPSDBIzalci Lucas
29%
PiauíMDBMarcelo Castro
29%
PiauíPTWellington Dias
29%
GoiásPSDVanderlan Cardoso
25%
GoiásPLWilder Morais
25%
ParáPSCZequinha Marinho
25%
ParaíbaPPDaniella Ribeiro
22%
ParaíbaMDBVeneziano Vital do Rêgo
22%
CearáPODEMOSEduardo Girão
20%
RondôniaPLJaime Bagattoli
20%
PernambucoMDBJarbas Vasconcelos
20%
Santa CatarinaPLJorginho Mello
20%
ParanáPODEMOSOriovisto Guimarães
20%
ParanáUNIÃOSérgio Moro
20%
PernambucoPTTeresa Leitão
20%
AcreUNIÃOAlan Rick
14%
MaranhãoPSBFlávio Dino
14%
AcrePSDSérgio Petecão
14%
ParáPTBeto Faro
13%
AmapáPSDLucas Barreto
13%
Rio Grande do NortePODEMOSStyvenson Valentim
13%
Rio Grande do NortePROSZenaide Maia
13%
ParaíbaUNIÃOEfraim Filho
11%
Mato GrossoPSDCarlos Fávaro
0%
RoraimaUNIÃOChico Rodrigues
0%
PiauíPPEliane Nogueira
0%
RoraimaPPHiran Gonçalves
0%
Mato GrossoUNIÃOJayme Campos
0%
SergipePPLaércio
0%
AcreMDBMarcio Bittar
0%
RoraimaREPUBLICANOSMecias de Jesus
0%
TocantinsUNIÃOOgari Pacheco
0%
MaranhãoUNIÃORobert Bringel
0%
AlagoasPSDBRodrigo Cunha
0%
Mato GrossoPLWellington Fagundes
0%

Distribuição das Pontuações

Percentil de Números Respondidos

Porcentagem de Pessoas com Cada Pontuação

Sua Pontuação Histórica

Você não jogou esse quiz